00652cam a2200145 a 4500008004100000050002300041110003800064245008500102260011600187300004300303504005100346650004300397650004600440700002000486840601s1983 nyuc cb 001 0 eng 00aND1311 b.N28 19832 aNational Academy of Design (U.S.)10aArtists by themselves :bartists' portraits from the National Academy of Design. aNew York, N.Y. :bThe Academy ;a[Seattle, Wash.] :bDistributed by the University of Washington Press,cc1983. a175 p. :bports. (some col.) ;c30 cm. aIncludes bibliographical references and index. 0aSelf-portraits, AmericanxExhibitions. 0aPortrait painting, AmericanxExhibitions.1 aQuick, Michael.